000 00665nam a2200253Ia 4500
003 OSt
005 20220918214510.0
006 a|||||r|||| 00| 0
007 ta
008 220917b |||||||| |||| 00| 0 eng d
024 _a137,696
037 _cTextual
040 _aARTS
_cARTS
_beng
041 _2eng
_aeng
082 _aY:351(ND25;5), L3
100 _aAryan K C
_93895
245 0 _aFolk Bronzes of North Western India
260 _aDelhi
_bRekha Prakashan
_c1973
300 _a124p.
_ccm.
500 _aBibliography p124
650 _aSOCIOLOGY
942 _hY:351(ND25;5), L3
_cTEXL
_2CC
999 _c260775
_d260775